Normal view
MARC view
Entry Personal Name
001 - CONTROL NUMBER
- control field: 6025
003 - CONTROL NUMBER IDENTIFIER
- control field: BD-RjUL
005 - DATE AND TIME OF LATEST TRANSACTION
- control field: 20221124174523.0
008 - FIXED-LENGTH DATA ELEMENTS
- fixed length control field: 221124|| aca||aabn | a|a d
040 ## - CATALOGING SOURCE
- Original cataloging agency: BD-RjUL
- Transcribing agency: BD-RjUL
100 ## - HEADING--PERSONAL NAME
- Personal name: Chowdhury, Abdullah Harun
670 ## - SOURCE DATA FOUND
- Source citation: Work cat.: (BD-RjUL)80845: Chowdhury, Abdullah Harun, Impact of industrial effluents on the water quality and aquatic biota in Rajshahi /, 1999